000 00744nam a2200205 i 4500
001 98569
003 ES-MaACL
005 20250927125325.0
007 t|
008 051010s1911 fr f |||| |bfre d
080 _a929 Pompadour, Jeanne Antoinette Poisson, Marquise de
100 1 _aDu Hausset, Nicole.
_945708
245 1 0 _aMadame de Pompadour
_b: d'après le Journal de sa femme de chambre /
_c[Nicole Du Hausset] ; préface de Marcelle Tinayre.
260 _aParis :
_bJules Tallandier,
_c[1911]
300 _aXVI, 280 p., 13 h. de lám. ;
_c20 cm.
600 1 4 _aPompadour, Jeanne Antoinette Poisson
_cMarquise de.
_9140340
700 1 _aTinayre, Marcelle,
_d1872-1948
_938396
852 _aES-MaACL
_jF-6488
999 _c98569
_d98569